Normal view
MARC view
- أبو حويج،مروان
Entry Personal Name
001 - CONTROL NUMBER
- control field: 30996
003 - CONTROL NUMBER IDENTIFIER
- control field: JO-AjAnu
005 - DATE AND TIME OF LATEST TRANSACTION
- control field: 20230606075226.0
008 - FIXED-LENGTH DATA ELEMENTS
- fixed length control field: 230606|| aca||aabn | a|a d
040 ## - CATALOGING SOURCE
- Original cataloging agency: JO-AjAnu
- Transcribing agency: JO-AjAnu
100 ## - HEADING--PERSONAL NAME
- Personal name: أبو حويج،مروان
670 ## - SOURCE DATA FOUND
- Source citation: Work cat.: (JO-AjAnu)15918: أبو حويج،مروان, author, المدخل الى علم النفس العام